Top 10 des plus petits pays d'Afrique - Statistiques

Statistiques générales
  • Ce quiz a été pris 285 fois
  • Le résultat moyen est 8 sur 10
Statistiques - réponses
km2 Pays % Correct
4,033 Cap-Vert
85%
2,235 Comores
81%
26,798 Rwanda
80%
17,364 Swaziland
78%
23,200 Djibouti
77%
451 Seychelles
77%
27,830 Burundi
76%
10,380 Gambie
74%
964 São Tomé-et-Principe
73%
2,040 Maurice
71%
Aucun quiz correspondant
Distribution des résultats
% des personnes avec chaque résultat
Percentile par nombre de réponses
Votre historique - résultats
Vous n’avez pas pris ce quiz